[Event "Chessable Masters by chess24-KO"]
[Site "Online"]
[Date "2020.06.24"]
[Round "1.2"]
[White "Caruana, Fabiano"]
[Black "Carlsen, Magnus"]
[Result "1/2-1/2"]
[WhiteElo "2773"]
[BlackElo "2881"]
[Annotator "TA"]
[PlyCount "108"]
[EventDate "2020.06.20"]
[EventType "k.o."]
[SourceTitle "playchess.com"]
[Source "ChessBase"]
[SourceQuality "1"]

{[%evp 13,108,0,0,-6,4,10,18,0,0,0,0,0,0,0,20,7,13,0,0,0,0,0,0,-20,-16,-27,-12,-17,-25,-22,-12,-33,-38,-47,-53,-55,-32,-41,-42,-43,-31,-31,-23,-47,-49,-62,-62,-62,-62,-154,-154,-154,-154,-154,-154,-154,-132,-156,-128,-177,-103,-227,-227,-227,-227,-234,-234,-234,-195,-234,-170,-234,0,0,0,0,0,0,0,0,0,0,0,0,0,0,0,0,0,0,0,0,0,0,0,0,0]} 1. d4 Nf6 2. c4 e6 3. Nc3 Bb4 4. e3 O-O 5. Bd2 d5 6. Nf3 b6 7. cxd5 exd5 8. Bd3 {E51: Nimzo-Indian: Rubinstein: 4...0-0 5 Nf3 d5.} Ba6 9. Bxa6 Nxa6 10. Qa4 Qc8 11. Rc1 Re8 12. O-O Bf8 13. Ne2 c5 14. dxc5 Nxc5 15. Qc2 Qa6 {[#]} 16. Bc3 $146 ({Predecessor:} 16. Nc3 Rac8 17. Rcd1 Nce4 18. Qb3 Qc4 19. Be1 Qxb3 20. axb3 Red8 21. Nd4 Nxc3 22. Bxc3 Ne4 23. Rd3 g6 24. Rfd1 Nc5 25. R3d2 Ne4 26. Rd3 Nc5 27. R3d2 Ne4 {½-½ (27) Hillarp Persson,T (2521)-Socko,B (2587) Stockholm 2016}) 16... Nfe4 17. a3 Rac8 18. Rcd1 (18. Nf4 {seems wilder.} Qc4 19. Qb1 Nb3 20. Rcd1 Rcd8 21. Nd4) 18... Na4 19. Rxd5 Naxc3 20. Nxc3 Nxc3 21. bxc3 Qxa3 22. c4 (22. Ng5 {with more complications.} g6 23. Ne4 Red8 24. Nf6+ Kh8 25. Qd3) 22... Red8 23. Rxd8 Rxd8 24. Nd4 g6 25. g3 Rc8 26. Rb1 Bg7 27. Nb5 Qe7 28. Qa4 a5 29. Nd4 Qd6 30. Qb3 Bxd4 31. exd4 (31. Rd1 $1 $15) 31... Qxd4 $17 32. Qxb6 Qxb6 ({Much worse is} 32... Qxc4 $6 33. Qxa5 Qd3 34. Re1 $11) 33. Rxb6 Rxc4 $15 {[%mdl 4096] Endgame KR-KR} 34. Ra6 a4 {[%cal Ba5a4,Ba4a3][%mdl 32]} 35. h4 Kf8 36. Ra7 Kg7 (36... Rc1+ $1 $19 37. Kg2 Ra1) 37. Ra6 {[#]} (37. Kg2 $17) 37... Rc1+ $1 $19 38. Kg2 {[#]} Ra1 $1 39. g4 a3 40. g5 Kf8 41. Ra7 Ke8 42. Kh2 (42. Ra8+ $142 Kd7 43. Kf3) 42... Kd8 $2 (42... a2 $19 {Hoping for ...Kf8.} 43. Kg2 Kd8) 43. Rxf7 $11 {The position is equal.} Rf1 {Strongly threatening ...a2.} 44. Ra7 Rxf2+ 45. Kg3 Ra2 46. Rxh7 Ra1 47. Ra7 a2 {And now ...Rg1+ would win.} 48. Kg2 Ke8 49. Kh2 Kf8 50. Kg2 Kg8 51. Kh2 Kh8 52. Kg2 Kg8 53. Kh2 Kh8 54. Kg2 Kg8 {And White is the lucky defender. Accuracy: White = 81%, Black = 89%.} 1/2-1/2

[Event "Chessable Masters by chess24-A"]
[Site "Online"]
[Date "2020.06.18"]
[Round "1.2"]
[White "Dubov, Daniil"]
[Black "Grischuk, Alexander"]
[Result "1/2-1/2"]
[WhiteElo "2770"]
[BlackElo "2784"]
[Annotator "TA"]
[PlyCount "84"]
[EventDate "2020.06.20"]
[EventType "tourn"]
[SourceTitle "playchess.com"]
[Source "ChessBase"]
[SourceQuality "1"]

{[%evp 15,84,8,10,0,17,8,9,8,23,8,15,17,18,21,16,14,19,9,11,14,9,12,6,18,15,9,5,0,0,0,0,0,0,0,0,0,0,0,0,0,0,0,0,0,0,0,0,0,0,0,0,0,0,0,0,0,0,0,0,0,0,0,0,0,0,0,0,0,0,0,0]} 1. d4 Nf6 2. c4 e6 3. Nf3 d5 4. Nc3 Be7 5. Bf4 O-O 6. e3 Nbd7 7. c5 c6 8. Bd3 {8.h3 is the hot move. Played by Levon Aronian in May 2020.} b6 9. b4 {D37: Queen's Gambit Declined: 5 Bf4.} a5 10. a3 Ba6 11. O-O Qc8 12. Rb1 axb4 {The position is equal.} 13. axb4 Bxd3 14. Qxd3 Qb7 15. Rfc1 Ra7 16. h3 Rfa8 17. Qc2 {[#]} b5 $146 ({Predecessor:} 17... bxc5 18. bxc5 Qc8 19. Ne1 Bd8 20. Nd3 Bc7 21. Rb3 Nf8 22. Ne5 Qe8 {½-½ (23) Bauer,C (2637)-Istratescu,A (2651) Switzerland 2013}) 18. Nd2 Nf8 19. Nb3 Ng6 20. Bg3 Bd8 21. Ra1 Rxa1 22. Rxa1 Rxa1+ 23. Nxa1 Qa6 24. Qb2 Ne4 25. Nxe4 dxe4 26. Bd6 Qa4 {[#] Hoping for ...Qd1+.} 27. Nc2 Ne7 28. Bxe7 Bxe7 29. Qb1 g6 30. Kf1 f5 31. Ke2 Bf6 32. f3 exf3+ 33. gxf3 Kf7 34. f4 Ke7 35. Kd2 Kd7 36. Kc3 Bh4 37. Kb2 Qa8 38. Qh1 Kc7 39. Na1 Qa4 40. Nc2 Qa8 41. Na1 Qa4 42. Nc2 Qa8 {An uneventful encounter. Accuracy: White = 100%, Black = 100%.} 1/2-1/2

[Event "Chessable Masters by chess24-KO"]
[Site "Online"]
[Date "2020.06.24"]
[Round "1.2"]
[White "Artemiev, Vladislav"]
[Black "Nepomniachtchi, Ian"]
[Result "0-1"]
[WhiteElo "2769"]
[BlackElo "2778"]
[Annotator "TA"]
[PlyCount "54"]
[EventDate "2020.06.20"]
[EventType "k.o."]
[SourceTitle "playchess.com"]
[Source "ChessBase"]
[SourceQuality "1"]

{[%evp 9,54,-15,6,5,8,-2,13,0,0,0,0,-7,30,30,39,37,25,22,39,0,0,-35,-10,-30,0,0,16,0,118,120,127,-407,-420,-1307,-218,-1304,-1302,-1292,-1290,-1199,-842,-29985,-29986,-29989,-29982,-29992,-29993]} 1. b3 e5 2. Bb2 Nc6 3. e3 Nf6 4. Bb5 Bd6 5. Na3 Na5 6. Be2 {A01: Nimzowitsch-Larsen Opening.} a6 7. c4 c5 8. Nc2 {The position is equal.} Nc6 9. d4 cxd4 10. exd4 {[#]} Nxd4 $146 ({Predecessor:} 10... exd4 11. Nf3 Qa5+ 12. Qd2 Qxd2+ 13. Nxd2 Bc5 14. a3 d5 15. cxd5 Nxd5 16. Ne4 Be7 17. Nxd4 Nxd4 18. Bxd4 {½-½ (58) Merry,A (2379)-Thompson,I (2141) Crawley 2016}) 11. Nxd4 Bb4+ 12. Kf1 {aiming for Nc2.} exd4 13. Qxd4 O-O 14. Bf3 d5 15. Bxd5 Qc7 16. Ne2 Re8 (16... Bc5 $5 {[%cal Rc5d4]} 17. Qd3 Nxd5 18. cxd5 Re8 $11) 17. Bf3 Bf5 18. Qf4 Qd7 (18... Qxf4 $11 {keeps the balance.} 19. Nxf4 Ne4) 19. Bxf6 $1 $16 gxf6 {[#]} 20. Ng3 $2 {[%mdl 8192] [#] This move loses the game for White.} (20. g4 $1 $16 Bc2 21. Kg2 (21. Qxf6 $2 Qd2 $17)) 20... Bb1 $1 $19 {[%csl Gb4][%cal Re8e1][%mdl 512]} 21. Kg1 (21. Qc1 $142 Re1+ 22. Qxe1 Bxe1 23. Bd5 Bd3+ 24. Kxe1) (21. Rxb1 Qd3+) 21... Re1+ $40 {[%mdl 128] Black has strong attack.} 22. Nf1 Qd3 {[%csl Gd3][%cal Re1f1]} 23. Qg4+ Kh8 {[%csl Gd3][%cal Re1f1]} 24. Be2 Rxe2 25. Rxb1 {[#]} Bc5 $1 {[%csl Ge2][%cal Rc5f2][%mdl 512] Black mates.} 26. h4 Rxf2 27. Re1 Rf4+ {[%mdl 64] Discovered Attack. Accuracy: White = 62%, Black = 77%.} 0-1

[Event "Chessable Masters by chess24-KO"]
[Site "Online"]
[Date "2020.06.24"]
[Round "1.2"]
[White "Artemiev, Vladislav"]
[Black "Nepomniachtchi, Ian"]
[Result "1/2-1/2"]
[WhiteElo "2769"]
[BlackElo "2778"]
[Annotator "TA"]
[PlyCount "111"]
[EventDate "2020.06.20"]
[EventType "k.o."]
[SourceTitle "playchess.com"]
[Source "ChessBase"]
[SourceQuality "1"]

{[%evp 9,111,0,0,0,0,0,0,0,0,2,2,-3,12,20,19,29,51,47,43,48,46,34,77,83,67,68,72,42,45,28,39,39,45,0,0,0,0,0,0,0,0,0,8,8,43,43,43,43,43,43,43,34,40,43,36,21,29,4,4,9,9,0,0,0,0,0,0,0,0,0,0,0,0,0,0,0,0,0,0,0,0,0,0,0,0,0,0,0,0,0,0,0,0,0,0,0,0,0,0,0,8,8,8,8]} 1. d4 Nf6 2. Bg5 d5 3. e3 c5 4. Bxf6 gxf6 5. c4 dxc4 6. Bxc4 {D00: 1 d4 d5: Unusual lines.} cxd4 7. exd4 ({Much weaker is} 7. Qh5 e6 $17) 7... Bg7 8. Nc3 Nc6 9. Nge2 O-O 10. O-O Bg4 11. d5 Ne5 12. Bb3 Rc8 {[#]} 13. h3 $146 {[%cal Rh3g4]} ({Predecessor:} 13. f3 Bd7 14. Ng3 b5 15. Bc2 b4 16. Nce2 e6 17. Nh5 Bb5 18. f4 Qb6+ 19. Nd4 {0-1 (26) Kulashko,A (2336)-Hague,B (2356) Auckland 2018}) 13... Bd7 14. Ng3 Qb6 15. Qh5 Qd4 16. Bc2 {[%csl Gc2][%cal Rh5h7] [#]} Ng6 17. Bf5 Rfd8 18. Bxd7 (18. Rad1 $5 {[%cal Rd1d4]} Qb6 19. Qe2 $14) 18... Rxd7 19. Nf5 Qd2 20. Qg4 {[#] Black must now prevent Nxe7+!} Rcd8 $1 21. h4 Qf4 22. Qh3 e6 23. dxe6 fxe6 24. Nxg7 Kxg7 25. Qxe6 Qxh4 26. Rad1 Rxd1 27. Rxd1 Rxd1+ 28. Nxd1 {Threatens to win with Ne3.} Qd4 29. Ne3 Qxb2 30. Nf5+ Kf8 31. g3 {[%mdl 1024] Nd6 is the strong threat. White has compensation.} Qe5 32. Qc8+ Kf7 33. Qd7+ Ne7 {The position is equal.} 34. Nd6+ Kg7 35. a4 b6 36. Nc8 Kf8 37. Nd6 Kg7 38. Kf1 Qa1+ 39. Kg2 Qe5 40. Kf1 Qa1+ 41. Kg2 Qe5 42. g4 h5 43. gxh5 Qd5+ 44. Kg1 Qd1+ 45. Kg2 {White threatens Nf5+ and mate.} Qd5+ 46. f3 Qg5+ 47. Qg4 Nd5 {Hoping for ...Ne3+.} 48. Kg3 Ne3 49. Qxg5+ fxg5 $11 {[%mdl 4096] Endgame KN-KN} 50. f4 Kh6 51. fxg5+ Kxg5 52. Nc8 Kxh5 53. Nxa7 Nd5 54. Nc8 Nc3 55. Nxb6 Nxa4 56. Nxa4 {Accuracy: White = 94%, Black = 95%.} 1/2-1/2

[Event "Chessable Masters by chess24-KO"]
[Site "Online"]
[Date "2020.06.24"]
[Round "1.2"]
[White "Giri, Anish"]
[Black "Grischuk, Alexander"]
[Result "1/2-1/2"]
[WhiteElo "2731"]
[BlackElo "2784"]
[Annotator "TA"]
[PlyCount "92"]
[EventDate "2020.06.20"]
[EventType "k.o."]
[SourceTitle "playchess.com"]
[Source "ChessBase"]
[SourceQuality "1"]

{[%evp 15,92,21,23,16,17,24,25,17,42,36,46,17,21,19,20,20,20,18,16,13,8,8,18,16,11,9,8,5,12,6,12,7,13,7,18,9,13,7,12,14,19,13,34,41,37,30,38,13,35,0,27,0,10,0,0,0,0,0,0,0,0,0,0,0,0,0,0,0,0,0,0,0,0,0,0,0,0,0,0]} 1. Nf3 d5 2. g3 g6 3. Bg2 Bg7 4. d4 Nf6 5. c4 c6 6. b3 O-O 7. Bb2 Bf5 8. O-O Nbd7 9. cxd5 {D78: Fianchetto Grünfeld: 6 0-0 c6.} cxd5 10. Nc3 Rc8 11. Rc1 {[#] White has an edge.} a6 $146 ({Predecessor:} 11... Qa5 12. Qd2 Qa6 13. Nh4 Be6 14. f4 Nb6 15. f5 Bd7 16. h3 Ne4 17. Nxe4 dxe4 18. Rxc8 Nxc8 19. Bxe4 Qxa2 {0-1 (47) Matlakov,M (2691)-Artemiev,V (2663) Sochi 2016}) 12. e3 Bg4 13. h3 Bxf3 $1 14. Bxf3 e6 15. Qd2 Qe7 16. Nb1 {[%cal Bc3b1,Bb1d2,Bd2f3,Bf3e5][%mdl 32] Strongly threatening Ba3.} Rfd8 17. Rxc8 Rxc8 18. Rc1 Qd8 19. Rxc8 Qxc8 20. Qc3 Qb8 21. Nd2 Bf8 22. Kg2 Bd6 23. Be2 Qf8 24. Qc2 Ba3 25. Ba1 Bb4 26. Nf3 Qd8 27. Bd3 Bd6 28. Ne5 Qc7 (28... Ba3 {with more complications.} 29. Nxd7 Nxd7 30. Bc3 Qc7 31. Qd2 Be7) 29. Qxc7 Bxc7 30. g4 Kf8 31. f3 Ke8 32. Kf2 h5 33. Bc3 hxg4 {The position is equal.} 34. hxg4 Nxe5 35. dxe5 $11 {[%mdl 4096] Endgame KBB-KBN} Nd7 36. f4 Nc5 37. Ke2 Nxd3 38. Kxd3 {KB-KB} Kd7 39. Bd4 Kc6 40. Kc2 Bd8 41. g5 Be7 42. a4 Bb4 43. Kd3 Be7 44. Kc2 Bb4 45. Kd3 Be7 46. Kc2 Bb4 {Accuracy: White = 87%, Black = 93%.} 1/2-1/2

[Event "Chessable Masters by chess24-KO"]
[Site "Online"]
[Date "2020.06.24"]
[Round "1.3"]
[White "Ding, Liren"]
[Black "Nakamura, Hikaru"]
[Result "1/2-1/2"]
[WhiteElo "2836"]
[BlackElo "2829"]
[Annotator "TA"]
[PlyCount "188"]
[EventDate "2020.06.20"]
[EventType "k.o."]
[SourceTitle "playchess.com"]
[Source "ChessBase"]
[SourceQuality "1"]

{[%evp 19,188,0,16,10,15,12,11,4,8,0,12,15,37,0,63,47,47,48,54,0,21,14,6,4,8,-8,-4,-13,-12,-11,-14,-7,-11,-12,-13,-95,-65,-87,-24,-11,0,0,60,0,0,-8,-7,-14,-14,-5,-5,-7,0,0,12,15,15,15,104,0,0,-165,-152,-205,-205,-239,-252,-250,-183,-179,-190,-496,-532,-506,-504,-431,-123,-123,-123,-123,-123,-123,-123,-123,-123,-123,-123,-123,-123,-123,-123,-123,-123,-123,-123,-123,-123,-196,-196,-196,-196,-196,-196,-196,-196,-196,-196,-196,-196,-196,0,-196,-196,-196,0,-196,-196,-196,-196,-196,-196,-196,-196,-196,-196,-196,-196,-196,-196,-196,-196,-196,-196,-196,-196,-196,-196,-196,-196,-196,-196,-196,-196,-196,-196,-196,-196,-196,-196,-196,-196,-196,-196,-196,-196,-196,-196,-196,-196,-196,-196,-196,-196,-196,-196,-196,-196,-196,0,-196,0]} 1. c4 e5 2. g3 Nf6 3. Bg2 d5 4. cxd5 Nxd5 5. Nf3 Nc6 6. O-O Be7 7. Nc3 Nb6 8. b3 O-O 9. Bb2 Re8 10. Rc1 Bf8 11. Ne4 {A29: English Opening: Four Knights Variation with 4 g3.} f6 12. d3 a5 13. a3 {The position is equal.} Be6 14. Nc5 Bxc5 15. Rxc5 {[#]} e4 $146 ({Predecessor:} 15... Qd7 16. Qc2 Bd5 17. Rc1 Rad8 18. Nd2 Bxg2 19. Kxg2 Qe6 20. Kg1 Rb8 21. Ne4 Red8 {½-½ (45) Mackintosh,I (2386)-Blake,M (2315) ICCF email 2018}) 16. Ne1 Qd6 (16... Bg4 $11 17. d4 a4) 17. Qc2 $1 $14 a4 18. b4 Bb3 19. Qc1 (19. Qb1 $14) 19... exd3 20. Nxd3 Rxe2 21. Nf4 Re7 22. h4 Rae8 23. h5 h6 24. Ng6 Rd7 25. Bxc6 bxc6 26. Rxc6 Qd5 27. Rc5 (27. Rxc7 $11 {remains equal.} Qxh5 28. Rxd7 Nxd7 29. Nf4) 27... Qf7 28. Bc3 Nd5 (28... Nc4 $17) 29. Bd2 Red8 30. Bf4 Ne7 ({Black should try} 30... Ra8 $11) 31. Rxc7 (31. Bxc7 $14 Re8 32. b5) 31... Nf5 $11 32. Rc8 Nd4 {Threatens to win with ...Ne2+.} 33. Qc7 Qe8 34. Rxd8 Rxd8 35. Be3 $132 {[%mdl 2048] White is not keeping still} Nf3+ 36. Kg2 Ne5 37. Nxe5 fxe5 38. g4 Be6 (38... Rc8 $11 39. Qa5 Qc6+ 40. Kg3 Qe4) 39. f3 ({White has to play} 39. Kg3 $1 $16) 39... e4 $1 40. fxe4 $2 (40. Bf4 $11 {and White is okay.}) 40... Bxg4 $19 41. Rf4 (41. Qc4+ $17 Kh7 42. e5 Bxh5 43. Rf4) 41... Bxh5 42. Kf2 Rc8 43. Qd6 Rc2+ 44. Kg1 Kh7 45. Bd4 $2 (45. Bd2 {is a better chance.}) 45... Rd2 46. Rf2 Rd1+ 47. Rf1 {[#] intending Rxd1.} Rxf1+ $2 (47... Rd3 $1 $19 {is more deadly.} 48. Qe5 Qg6+ 49. Kh2 Bg4) 48. Kxf1 $17 Qxe4 {[#] And now ...Qf3+ would win.} 49. Qe5 $1 {[%mdl 512]} Qxe5 50. Bxe5 {[%mdl 4096] Endgame [#] KB-KB} Be8 $1 51. Kf2 g5 52. Ke3 Kg6 53. Bd6 Kf5 54. Bf8 h5 55. Be7 Bc6 56. Bd8 h4 57. Be7 Kg4 58. b5 (58. Bd8 $17) 58... Bxb5 $19 59. Bd8 Bc6 60. Be7 Kf5 61. Bd8 Bb7 62. Be7 Kg4 63. Bd8 Kh5 64. Bc7 Kg4 {Strongly threatening ...Kh3.} 65. Bd8 $1 Ba6 66. Be7 Bb5 67. Bd8 $1 Be8 68. Be7 Kf5 69. Bd8 Bf7 70. Be7 Bg8 71. Bd8 Bh7 72. Be7 Bg6 73. Bd8 Bh5 74. Be7 Bd1 75. Bd8 Kg4 76. Be7 Bc2 77. Bd8 Kf5 78. Be7 Bb1 79. Bd8 Ba2 80. Be7 Bf7 81. Bd8 Be6 82. Be7 Bc8 83. Bd8 Ba6 84. Be7 Bc4 85. Bd8 Bd5 86. Be7 Bg2 87. Bd8 Ba8 88. Be7 Bb7 89. Bd8 Bc8 90. Be7 Kg6 91. Bd8 Kh5 92. Bc7 Ba6 93. Bd6 Kg4 {...Kh3 is the strong threat.} 94. Be7 $1 Bb5 $2 {Accuracy: White = 84%, Black = 87%.} (94... Bc4 $19 95. Kf2 Be6) 1/2-1/2

[Event "Chessable Masters by chess24-KO"]
[Site "Online"]
[Date "2020.06.28"]
[Round "1.3"]
[White "Ding, Liren"]
[Black "Nakamura, Hikaru"]
[Result "1/2-1/2"]
[WhiteElo "2836"]
[BlackElo "2829"]
[Annotator "TA"]
[PlyCount "55"]
[EventDate "2020.06.20"]
[EventType "k.o."]
[SourceTitle "playchess.com"]
[Source "ChessBase"]
[SourceQuality "1"]

{[%evp 9,55,16,8,-8,-12,-12,16,19,16,14,13,17,6,14,8,6,8,8,8,10,8,4,36,34,41,36,37,33,30,28,37,0,0,0,0,0,0,0,0,0,0,0,5,0,0,-6,5,0]} 1. d4 Nf6 2. c4 e6 3. g3 d5 4. Bg2 Be7 5. Nf3 O-O 6. Qb3 {E06: Closed Catalan: Early deviations.} (6. O-O dxc4 7. Qc2 a6 8. a4 Bd7 9. Qxc4 Bc6 10. Bg5 Nbd7 11. Nc3 h6 12. Bxf6 Nxf6 13. a5 Bd6 14. Rfd1 Qe7 15. Nd2 Bxg2 16. Kxg2 b5 17. Qc6 e5 18. Nde4 exd4 19. Rxd4 Be5 {½-½ (44) Ding,L (2791)-Nakamura,H (2736) chess24.com INT 2020}) 6... c5 7. cxd5 Qxd5 8. dxc5 Qxb3 9. axb3 Nc6 10. Nc3 Bxc5 11. O-O e5 12. Na4 {[#]} Bb4 $146 {[#]} ({Predecessor:} 12... Be7 13. Nb6 Rb8 14. Nxc8 Rbxc8 15. Be3 b6 16. Nh4 Na5 17. Nf5 Rfe8 18. Bg5 Bf8 19. Bxf6 gxf6 {½-½ (30) Misyura,I (1967)-Munshi,A (2133) Porto Carras 2018}) 13. Nb6 $1 {[%mdl 512]} Rb8 (13... axb6 14. Rxa8) 14. Nxc8 Rbxc8 15. Be3 e4 16. Nd4 Bc5 17. Nxc6 Rxc6 18. Bxc5 Rxc5 19. Rxa7 Rb5 20. Ra3 Rd8 {The position is equal.} 21. Rfa1 g6 22. Ra8 Rxa8 23. Rxa8+ $11 {KRB-KRN} Kg7 24. Ra3 Rc5 25. Ra7 Rb5 26. Ra3 Rc5 27. Ra7 Rb5 28. Ra3 {Accuracy: White = 95%, Black = 94%.} 1/2-1/2

[Event "Chessable Masters by chess24-KO"]
[Site "Online"]
[Date "2020.06.28"]
[Round "1.3"]
[White "Ding, Liren"]
[Black "Nakamura, Hikaru"]
[Result "1-0"]
[WhiteElo "2836"]
[BlackElo "2829"]
[Annotator "TA"]
[PlyCount "81"]
[EventDate "2020.06.20"]
[EventType "k.o."]
[SourceTitle "playchess.com"]
[Source "ChessBase"]
[SourceQuality "1"]

{[%evp 18,81,54,48,45,48,42,26,70,41,73,61,79,78,79,81,83,81,79,92,85,85,81,78,89,82,79,81,88,71,68,58,91,93,127,99,192,112,117,110,108,104,140,139,145,131,213,191,204,180,363,359,338,347,528,508,558,559,544,521,713,667,1010,954,1997,2111]} 1. d4 g6 2. c4 Bg7 3. e4 d6 4. Nc3 Nf6 5. Nf3 O-O 6. Be2 e5 7. O-O Nc6 8. d5 Ne7 9. b4 Ne8 10. a4 f5 {E97: King's Indian: Classical Main Line (6...e5 7 0-0 Nc6): 8 Be3 and 8 d5 Ne7, not 9 Ne1.} 11. a5 Nf6 12. Re1 h6 {[#] White has an edge. is the new trend.} 13. exf5 $146 ({Predecessor:} 13. Ra3 f4 14. h4 Rf7 15. c5 Bf8 16. c6 Rg7 17. b5 g5 18. hxg5 hxg5 19. Nh2 bxc6 20. dxc6 {1-0 (34) Giri,A (2764)-Korobov,A (2688) chess24.com INT 2020}) 13... Bxf5 14. Ra2 g5 15. h3 Qe8 16. Nh2 a6 17. Ng4 Bg6 18. Nxf6+ Bxf6 19. Bd3 Nf5 20. Ne4 Bg7 21. f3 Qf7 22. Rf2 Rad8 23. Bb1 Kh8 24. Bb2 Nh4 25. b5 Bf5 26. b6 Ng6 (26... cxb6 $16 {was worth a try.} 27. axb6 Bxe4 28. Rxe4 (28. Bxe4 Qf4 $16) 28... Nf5) 27. g3 (27. Ba3 $18) 27... cxb6 28. axb6 Ne7 29. Ba3 Nc8 30. Qb3 Bh7 31. Rd1 Bg8 (31... Bxe4 $16 {was necessary.} 32. Bxe4 Qd7) 32. Kg2 Bh7 33. c5 dxc5 $2 {[#]} (33... Bxe4 34. Bxe4 dxc5 35. Bxc5 Nd6 36. Bxd6 Rxd6) 34. Nxc5 $18 ({Weaker is} 34. Bxc5 Rfe8 $18) 34... Bxb1 35. Rxb1 Rfe8 (35... Rxd5 $142 36. Nxb7 Rb5 37. Qxf7 Rxf7 38. Rxb5 Rxb7) 36. Ne6 {White is clearly winning.} Rd7 37. Rc1 Ne7 38. Bxe7 Qxe7 39. Rc7 Qd6 40. Rfc2 Bf6 41. Qa4 {Accuracy: White = 91%, Black = 45%.} 1-0

[Event "Chessable Masters by chess24-A"]
[Site "Online"]
[Date "2020.06.18"]
[Round "1.3"]
[White "Nakamura, Hikaru"]
[Black "Carlsen, Magnus"]
[Result "1/2-1/2"]
[WhiteElo "2829"]
[BlackElo "2881"]
[Annotator "TA"]
[PlyCount "145"]
[EventDate "2020.06.20"]
[EventType "tourn"]
[SourceTitle "playchess.com"]
[Source "ChessBase"]
[SourceQuality "1"]

{[%evp 13,145,17,12,18,23,17,20,-5,14,-4,0,-5,5,0,0,-15,-15,-13,-16,-12,-7,-15,-20,-76,-11,-11,-6,-22,-12,-14,0,0,0,-3,-5,-23,-23,-23,-23,-23,-22,-53,-39,-109,-127,-122,-113,-116,-112,-132,-116,-131,-84,-81,-81,-75,-75,-75,-83,-91,-102,-118,-101,-98,-84,-105,-108,-110,-110,-99,-84,-108,-99,-84,-84,-84,-84,-102,-84,-84,-84,-149,-84,-196,-149,-206,-163,-149,-152,-170,-146,-168,0,-84,-75,-84,0,-84,0,-84,0,0,0,0,0,0,0,0,0,0,0,0,0,0,0,0,0,0,0,0,0,0,0,0,0,0,0,0,0,0,0,0,0,0]} 1. e4 c5 2. Nf3 Nc6 3. c3 e5 4. d4 cxd4 5. cxd4 exd4 6. Nxd4 Nf6 7. Nxc6 bxc6 8. Bd3 {B22: Sicilian: 2 c3.} Bd6 9. O-O O-O {[#]} 10. Nc3 $146 ({Predecessor:} 10. Nd2 Re8 11. Re1 Qc7 12. g3 Bc5 13. Qc2 d6 14. Nc4 Ng4 15. Re2 Be6 16. Bf4 {½-½ (40) Duplenko,V (2287)-Goncharov,I (2380) ICCF email 2010}) 10... Re8 11. h3 Be5 12. Qc2 h6 13. Bd2 d5 14. exd5 cxd5 15. Rfe1 Bd7 16. Rad1 Rc8 17. Qb1 Qb6 18. Re2 (18. Bf5 $11) 18... Bd4 (18... Bb8 $17) 19. Rde1 $11 Re6 20. Bf5 Rxe2 21. Rxe2 {Hoping for Bxd7.} Bxf5 22. Qxf5 {[%mdl 64] Double Attack} Qa6 23. Re7 Rd8 24. a3 Qb6 25. b4 Qd6 26. Re1 Qa6 27. a4 Qc4 $36 {[%mdl 2048] Black has the initiative.} 28. Nb5 ({White should try} 28. Qf4 $15) 28... Ne4 $17 {[%mdl 64] Double Attack} 29. Nxd4 Qxd4 30. Be3 Qxb4 {[%mdl 64] Double Attack} 31. Rc1 Nc3 {Threatens to win with ...Ne2+.} 32. Qf3 d4 {[#]} 33. Bxd4 $1 {[%mdl 512]} Qxd4 34. Rxc3 Qxa4 {[%mdl 4096] Endgame KQR-KQR} 35. Kh2 Qd7 36. Ra3 {[#]} a5 $1 {[%cal Ba7a5,Ba5a4][%mdl 544]} 37. g3 (37. Rxa5 Qc7+) 37... Qd5 38. Qc3 Ra8 39. h4 a4 40. Qb4 Qc6 41. Qd4 h5 42. Qb4 g6 43. Qd4 Kh7 44. Qf4 Qd7 45. Qb4 Ra6 46. Qf4 Ra5 47. Qb4 (47. Qc4 $142) 47... Rf5 (47... Qf5 $142 48. Qd4 Rd5) 48. Qb2 (48. Kg1 $17) 48... Qa7 49. Re3 (49. Kg2 $17) 49... Qc5 50. Kg1 {Strongly threatening Re8.} Qc6 51. Qa2 Kg7 52. Kh2 Kh7 $2 ({Black should play} 52... Qb6 $19 53. Kg2 Qc6+ 54. Kh2 Qb7 55. Qa1+ Kh7) 53. Ra3 (53. Kg1 $1 $11) 53... Qc5 54. Kg2 Qc6+ 55. Kh2 $1 Qc5 56. Kg2 $1 Rxf2+ (56... Kg7 $17 {aiming for ...Rxf2+!} 57. Rxa4 {[#]} Rxf2+ $1 {[%mdl 512]} 58. Qxf2 Qc6+ {[%mdl 64] Double Attack} 59. Kg1 Qxa4 60. Qb2+ Kh7) 57. Qxf2 $11 {The position is equal.} Qxa3 58. Qxf7+ $17 {KQ-KQ} Kh6 59. Qg8 {[%cal Rg8h8]} Qb2+ 60. Kh3 Qg7 (60... a3 $5 61. Qf8+ $8 Qg7 62. Qxa3 Qe5 $11) 61. Qe8 $1 Qd4 62. Qe7 Qd5 {[%cal Rd5h1]} 63. Kh2 $1 Qa2+ 64. Kh3 Qd5 {[%cal Rd5h1]} 65. Kh2 $1 Qd4 66. Kh3 Qa1 {[%cal Ra1h1]} 67. Kh2 Qa2+ 68. Kh3 Qc4 69. Kh2 Qc2+ 70. Kh3 Qf5+ 71. Kh2 Qc8 72. Qe3+ Kh7 73. Qa7+ {[%mdl 64] Double Attack. And White is the lucky defender. Accuracy: White = 87%, Black = 88%.} 1/2-1/2